Deklarácia Európskeho kultúrneho klubu

Bibliographic Details
Format: Article
Language:Slovak
Subjects:

MARC

LEADER 00000nab a2200000 a 4500
001 vtls000405776
003 SK-MaSNL
005 20260302232052.0
008 140507c1991 xo 0 slo
015 |a SNBRB19rr/mm-uuuuu 
035 |a CL0405900 
040 |a SNKBUCL  |b slo  |c SNKBUCL  |e AACR2 
041 0 |a slo 
044 |a xo  |c SK 
080 |a 008:061.2(4)  |2 1981 
080 |a 061.2(4)  |2 1981 
080 |a 061.2  |2 1981 
245 0 0 |a Deklarácia Európskeho kultúrneho klubu 
650 0 7 |a Európsky kultúrny klub  |2 snkbucl  |9 962900 
655 7 |a články z novín a časopisov  |2 snkbucl  |9 267496 
773 0 |t Kultúrny život  |g Roč. 25, č. 1 (1991), s. 7 
850 |a Slovenská národná knižnica v Martine  |a MTA001 
852 |a SNK  |b KIS3GCP 
958 |a RK 
992 |a RBX 
999 |c 1541313  |d 1543243